000 01354nam a2200349 i 4500
003 EG-GICUC
005 20260310131137.0
008 260121s1984 ua a|||fr|||| 00| 0 ara d
017 _a7173/1984
040 _a EG-GICUC
_bara
_c EG-GICUC
_d EG-GICUC
_erda
041 0 _aAra
082 0 4 _221
_a343.83
_bس ي . ه
092 0 4 _221
099 _aLaw1 10 343.83 س ي . ه 1984
100 0 _aسينوت حليم دوس
_eمؤلف.
245 1 2 _aالهرمونات بين الطب والقانون /
_cتأليف الدكتور سينوت حليم دوس، مراجع الدكتور بول غلبونجى، تقديم الدكتور محمد كامل محمود.
264 1 _aالإسكندرية :
_bمنشأة المعارف،
_c1984.
264 3 _bمطبعة أطلس
300 _a234 صفحة :
_bرسومات؛
_c24 سم.
336 _2rda content
_atext
337 _2rda media
_aComputer
338 _2rda carrier
_aOnline Resource
546 _aالنص باللغة العربية
650 1 _aعلم الطب الشرعى
_2qrmak
650 1 _aالقانون الجنائى
_2qrmak
651 1 _2qrmak
700 0 _aبول غليونجى
_eمراجع.
700 0 _aمحمد كامل محمود
_eمقدم.
856 4 0 _uhttps://fll.law.cu.edu.eg/fulltext/bks/B10-07851.pdf
905 _a54
_eYara
942 _2ddc
_cBK
_e21
_n0
999 _c58492
_d58492